[Event "Romania (Women)"]
[Site "Romania"]
[Date "2007.02.24"]
[Round "8"]
[White "Babei, Angelica"]
[Black "Iurascu, Mihaela"]
[Result "1/2-1/2"]
[WhiteElo "1950"]
[BlackElo "1886"]
[PlyCount "44"]
[EventDate "2007.02.17"]
[EventType "tourn"]
[EventRounds "13"]
[EventCountry "ROU"]
[SourceTitle "EXT 2008"]
[Source "ChessBase"]
[SourceDate "2007.11.25"]
[SourceVersion "1"]
[SourceVersionDate "2007.11.25"]
[SourceQuality "1"]

1. e4 c6 2. d4 d5 3. exd5 cxd5 4. c4 Nf6 5. Nc3 g6 6. Qb3 Bg7 7. cxd5 0-0 8. Be2 Nbd7 9. Bf3 Nb6 10. Nge2 Bg4 11. Bxg4 Nxg4 12. a4 a5 13. 0-0 Nf6 14. Nf4 Qd6 15. Be3 Rfd8 16. Nb5 Qb4 17. Qxb4 axb4 18. d6 exd6 19. b3 Nbd5 20. Rac1 Nxe3 21. fxe3 Ne4 22. Rfd1 Rac8 1/2-1/2

[Event "Romania (Women)"]
[Site "Romania"]
[Date "2007.02.20"]
[Round "4"]
[White "Vetrila, Sandra"]
[Black "Iurascu, Mihaela"]
[Result "1-0"]
[WhiteElo "2049"]
[BlackElo "1886"]
[PlyCount "85"]
[EventDate "2007.02.17"]
[EventType "tourn"]
[EventRounds "13"]
[EventCountry "ROU"]
[SourceTitle "EXT 2008"]
[Source "ChessBase"]
[SourceDate "2007.11.25"]
[SourceVersion "1"]
[SourceVersionDate "2007.11.25"]
[SourceQuality "1"]

1. e4 c6 2. d4 d5 3. Nc3 dxe4 4. Nxe4 Bf5 5. Ng3 Bg6 6. Bc4 e6 7. N1e2 Nf6 8. 0-0 Bd6 9. f4 Qd7 10. Bd3 Bxd3 11. Qxd3 0-0 12. c3 Na6 13. Qf3 g6 14. Ne4 Nxe4 15. Qxe4 Rfe8 16. Be3 Bf8 17. Ng3 Qd5 18. Qc2 Bg7 19. Rad1 Qxa2 20. Ne4 Qa5 21. Rf3 Qf5 22. Bf2 Nc7 23. Qe2 Qb5 24. c4 Qb4 25. Rdd3 Qxc4 26. Rh3 Nd5 27. Qd2 Qa2 28. Bh4 Rf8 29. Bg5 a5 30. Bh6 Qb1+ 31. Kf2 Nb4 32. Rde3 Qc2 33. Qxc2 Nxc2 34. Rd3 Bxd4+ 35. Rxd4 Nxd4 36. Nf6+ Kh8 37. Bxf8 h5 38. Bd6 Nf5 39. Be5 Ng7 40. g4 Rd8 41. gxh5 g5 42. Ne8 Rxe8 43. h6 1-0

[Event "Romania (Women)"]
[Site "Romania"]
[Date "2007.02.18"]
[Round "2"]
[White "Bulmaga, Irina"]
[Black "Iurascu, Mihaela"]
[Result "1-0"]
[WhiteElo "2101"]
[BlackElo "1886"]
[PlyCount "23"]
[EventDate "2007.02.17"]
[EventType "tourn"]
[EventRounds "13"]
[EventCountry "ROU"]
[SourceTitle "EXT 2008"]
[Source "ChessBase"]
[SourceDate "2007.11.25"]
[SourceVersion "1"]
[SourceVersionDate "2007.11.25"]
[SourceQuality "1"]

1. e4 c6 2. d4 d5 3. e5 c5 4. Nf3 Bg4 5. c4 dxc4 6. Bxc4 e6 7. d5 exd5 8. Bxd5 Qd7 9. 0-0 Ne7 10. Bxf7+ Kxf7 11. e6+ Bxe6 12. Ne5+ 1-0

[Event "EU-ch (Women) 6th"]
[Site "Kishinev"]
[Date "2005.06.21"]
[Round "10"]
[White "Bulmaga, Irina"]
[Black "Iurascu, Mihaela"]
[Result "1/2-1/2"]
[WhiteElo "2046"]
[BlackElo "1906"]
[PlyCount "80"]
[EventDate "2005.06.11"]
[EventType "swiss"]
[EventRounds "12"]
[EventCountry "MDA"]
[SourceTitle "CBM 106 Extra"]
[Source "ChessBase"]
[SourceDate "2005.07.01"]
[SourceVersion "1"]
[SourceVersionDate "2005.07.01"]
[SourceQuality "1"]

1. e4 c6 2. d4 d5 3. Nd2 dxe4 4. Nxe4 Bf5 5. Ng3 Bg6 6. Bc4 e6 7. N1e2 h6 8. Nf4 Bh7 9. c3 Nf6 10. 0-0 Nd5 11. Qf3 Nxf4 12. Bxf4 Bd6 13. Rfe1 0-0 14. Rad1 Bxf4 15. Qxf4 Nd7 16. Bb3 a5 17. Ne4 Nb6 18. a3 Nd5 19. Bxd5 exd5 20. Nc5 b6 21. Nd3 Bxd3 22. Rxd3 Re8 23. Rxe8+ Qxe8 24. Re3 Qd7 25. f3 Re8 26. Rxe8+ Qxe8 27. Kf2 b5 28. Qc7 a4 29. Qd6 Qc8 30. Qe5 Qd7 31. Qb8+ Kh7 32. Qf4 Qe6 33. h4 Qg6 34. Qd2 h5 35. g3 Qf5 36. Kg2 f6 37. Qe2 Qb1 38. Kh2 Qf5 39. Kg2 Qb1 40. Kh2 Qf5 1/2-1/2

[Event "EU-ch (Women) 6th"]
[Site "Kishinev"]
[Date "2005.06.11"]
[Round "1"]
[White "Gvetadze, Sofio"]
[Black "Iurascu, Mihaela"]
[Result "1-0"]
[WhiteElo "2283"]
[BlackElo "1906"]
[PlyCount "59"]
[EventDate "2005.06.11"]
[EventType "swiss"]
[EventRounds "12"]
[EventCountry "MDA"]
[SourceTitle "CBM 106 Extra"]
[Source "ChessBase"]
[SourceDate "2005.07.01"]
[SourceVersion "1"]
[SourceVersionDate "2005.07.01"]
[SourceQuality "1"]

1. d4 Nf6 2. Nf3 g6 3. e3 Bg7 4. Bd3 0-0 5. 0-0 d6 6. Nbd2 Nbd7 7. e4 e5 8. c3 c6 9. Re1 Qc7 10. Qc2 Re8 11. b3 a5 12. a4 Nf8 13. Ba3 Be6 14. Bxd6 Qxd6 15. dxe5 Qc7 16. exf6 Bxf6 17. Nd4 Bd7 18. Nc4 Rad8 19. Rad1 Bc8 20. Bf1 Nd7 21. g3 Bg7 22. Bg2 h5 23. f4 Bf8 24. e5 Nc5 25. f5 Kg7 26. Rf1 Nd7 27. e6 Nf6 28. fxg6 fxg6 29. Rde1 c5 30. Ne5 1-0

[Event "EU-ch U16 Girls"]
[Site "Urgup"]
[Date "2004.07.??"]
[Round "6"]
[White "Iurascu, Mihaela"]
[Black "Ikonomopoulou, Maria"]
[Result "0-1"]
[WhiteElo "1910"]
[BlackElo "2022"]
[PlyCount "66"]
[EventDate "2004.08.??"]
[EventType "swiss"]
[EventRounds "9"]
[EventCountry "TUR"]
[SourceTitle "EXT 2005"]
[Source "ChessBase"]
[SourceDate "2004.11.15"]
[SourceVersion "1"]
[SourceVersionDate "2004.11.15"]
[SourceQuality "1"]

1. c4 e5 2. Nc3 Nc6 3. g3 f5 4. Bg2 Nf6 5. d3 Bb4 6. Bd2 0-0 7. e3 Bxc3 8. Bxc3 d6 9. Ne2 Qe8 10. 0-0 Qh5 11. b4 g5 12. b5 Ne7 13. Bd2 c6 14. f4 Be6 15. bxc6 bxc6 16. Rc1 Rab8 17. Rc2 Rb6 18. c5 dxc5 19. fxe5 Ng4 20. h3 Nxe5 21. Ba5 Rb5 22. Bc3 N5g6 23. a4 Rb7 24. Rb2 Rxb2 25. Bxb2 Nd5 26. Qd2 Qh6 27. Nc3 Nb4 28. e4 f4 29. g4 Rd8 30. Qf2 Nxd3 31. Qd2 Bc4 32. Rd1 Rf8 33. Qc2 Nge5 0-1